000 01290nam0a22002891 4500
001 rc\3918550
005 20130415110513.6
021 _aRU
_b[54-18513]
035 _a(NLR Aleph) 008024218
090 _a8780130
_c8780130
100 _a20130415d1954 |||y0rusy50 ca
101 0 _arus
102 _aRU
105 _ay c |||||
200 1 _aПрирода Горьковской области
_e(Рек. указатель литературы)
_fГорьк. обл. б-ка им. В.И. Ленина. Отд. библиографии
210 _aГорький
_cБ. и.
_d1954
215 _a10 с.
_d20
300 _aСост. указан на обороте тит. л.: библиограф Бибинова
606 _aПрирода
_yГорьковская область
_jБиблиография
_2psbo
607 _aГорьковская область
_xФизическая география
_jБиблиография
_2psbo
700 1 _aБибинова
_bК. А.
_f1927-
_gКира Александровна
_4220
712 0 2 _aГорьковская областная библиотека им. В. И. Ленина
_3RU\NLR\AUTH\8810006387
801 0 _aRU
_bNLR
_gpsbo
801 1 _aRU
_bELAR
_2rusmarc
852 _aNLR
_jС585Гор/Б-59
942 _cBOOK
980 _aNB